000 04924cam a22018254i 4500
003 PE-LiUPU
005 20250813165820.0
008 150706s2010 sp r 000 0 spa d
020 _a6123000454
020 _a9786123000455
035 _a(Sirsi) i9786123000455
040 _aPE-LiUPU
_bspa
_cPE-LiUPU
_dPE-LiUPU
_erda
041 1 _aspa
_heng
049 _aPRUA
082 0 4 _a658.4
_bMBA
_221
100 1 _aStettinius, Wallace,
_eautor.
245 1 0 _aPlan de negocio :
_bcómo diseñarlo e implementarlo, todos los pasos desde diseño a la puesta en marcha y revisión /
_cWallace Stettinius, D. Robley Wood Jr., Jacqueline L. Doyle y John L. Colley Jr.
264 1 _aBarcelona :
_bPunto y coma,
_c2010.
300 _a107 páginas ;
_c21 centímetros.
336 _atext
_2rdacontent
337 _aunmediated
_2rdamedia
338 _avolume
_2rdacarrier
490 0 _aLo que enseñan los mejores MBA
505 0 _aDiseñar y ejecutar la estrategia -- Gestionar estratégicamente -- Actuar basándose en la lógica -- Evaluar si se está preparado -- Organizar la planificación -- Definir las líneas de negocio -- Evaluar la situación -- Conocer bien el modelo -- Conocer el mercado -- Evaluar el terreno -- Conocer las oportunidades y amenazas -- Definir objetivos factibles -- Definir la estrategia sobre la base de los objetivos -- Definir prioridades -- Perseguir sus objetivos -- Seguir la misión -- Redactar el plan de negocio -- Elaborar el plan anual -- Contratar las personas adecuadas -- Obtener el compromiso de todos -- Alinearse con la estrategia -- Trabajar de forma coordinada -- Ejecutar con disciplina -- Controlar y mejorar -- Aprender, cambiar e institucionalizar.
526 _aP203
526 _aP200
526 _aSEG65
526 _aSEG64
526 _aSEG63
526 _aSEG62
526 _aSEG61
526 _aSEG60
526 _aSEG59
526 _aSEG58
526 _aSEG57
526 _aSEG56
526 _aSEG55
526 _aSEG54
526 _aSEG53
526 _aSEG52
526 _aSEG51
526 _aSEG50
526 _aSEG49
526 _aSEG48
526 _aSEG47
526 _aSEG46
526 _aSEG24
526 _aSEG23
526 _aSEG22
526 _aSEG21
526 _aSEG20
526 _aSEG19
526 _aSEG18
526 _aSEG17
526 _aSEG16
526 _aSEG14
526 _aSEG13
526 _aSEG12
526 _aSEG11
526 _aSEG10
526 _aSEG09
526 _aSEG06
526 _aSEG05
526 _aSEG04
526 _aSEG03
526 _aSEG02
526 _aSEG68
526 _aSEG66
526 _aSEG45
526 _aSEG25
526 _aSEG01
526 _aP163
526 _aP162
526 _aP161
526 _aP160
526 _aP159
526 _aP158
526 _aP157
526 _aP156
526 _aP155
526 _aP154
526 _aP153
526 _aP152
526 _aP151
526 _aP150
526 _aP149
526 _aP142
526 _aP141
526 _aP140
526 _aP139
526 _aP138
526 _aP137
526 _aP132
526 _aP131
526 _aP130
526 _aP126
526 _aP125
526 _aP124
526 _aP123
526 _aP115
526 _aP122
526 _aP121
526 _aP116
526 _a P114
526 _aP112
526 _aP111
526 _aP104
526 _aP103
526 _aP102
526 _aP101
526 _aP100
526 _aP96
526 _aP95
526 _aP93
526 _aP92
526 _aP91
526 _aP88
526 _aP83
526 _aP82
526 _aP79
526 _aP78
526 _aP75
526 _aP74
526 _aP71
526 _aP69
526 _a P51
526 _aP49
526 _aP48
526 _aP47
526 _aP33
526 _aP31
526 _a P30
526 _aP29
526 _aP27
526 _aP26
526 _aP25
526 _aP24
526 _a P22
526 _aP10
526 _aP09
526 _a P08
526 _aP06
526 _aP05
526 _aP04
526 _aP01
534 _pTítulo original :
_tWhat the best MBAs know
650 0 4 _aPlanificación estratégica.
910 _agl20110222
942 _2ddc
_cBOOK
949 _a658.4 MBA 11
_wDEWEY
_c1
_i62669
_d2015-11-9
_e2015-11-8
_lCCODEBUL1
_mBUL
_n2
_p13.00
_r0
_sY
_tBOOK
_u2015-7-6
_xFCE
_zUNKNOWN
_0COMPRA
_o.STAFF. Colección General
994 _aC0
_bPEPRU
596 _a1
999 _a658.4 MBA 11
_wDEWEY
_c51760
_i62669
_d51760
_e2018-3-28
_f2021-11-8
_g6
_lCCODEBUL1
_mBUL
_n4
_p13.00
_q1
_r0
_sY
_tBOOK
_u2015-7-6
_xFCE
_zUNKNOWN
_0COMPRA
_o.STAFF. Colección Ciencias Empresariales
980 _81
_gALBERTO SANCHEZ Responsable de Automatización